Art of Advocasy & Cross Examination / (Record no. 587009)
[ view plain ]
| 000 -LEADER | |
|---|---|
| fixed length control field | 00388nam a22001337a 4500 |
| 082 ## - DEWEY DECIMAL CLASSIFICATION NUMBER | |
| Classification number | 347.7 ALT |
| 100 ## - MAIN ENTRY--PERSONAL NAME | |
| Personal name | Altaf, Raja Muhammad |
| 245 ## - TITLE STATEMENT | |
| Title | Art of Advocasy & Cross Examination / |
| Statement of responsibility, etc. | Raja Muhammad Altaf |
| 260 ## - PUBLICATION, DISTRIBUTION, ETC. | |
| Place of publication, distribution, etc. | Rawalpindi : |
| Name of publisher, distributor, etc. | Federal Law House, |
| Date of publication, distribution, etc. | N.A. |
| 300 ## - PHYSICAL DESCRIPTION | |
| Extent | 672 p. ; |
| Dimensions | 24 cm. |
| 942 ## - ADDED ENTRY ELEMENTS (KOHA) | |
| Source of classification or shelving scheme | |
| Koha item type | Book |
| Withdrawn status | Lost status | Source of classification or shelving scheme | Damaged status | Not for loan | Permanent Location | Current Location | Shelving location | Date acquired | Source of acquisition | Total Checkouts | Total Renewals | Full call number | Barcode | Date last seen | Date last checked out | Price effective from | Koha item type |
|---|---|---|---|---|---|---|---|---|---|---|---|---|---|---|---|---|---|
| NUST Law School (NLS) | NUST Law School (NLS) | Law | 12/03/2021 | Pakistan Law House | 1 | 3 | 347.7 ALT | CL-900 | 03/06/2025 | 10/24/2024 | 12/03/2021 | Book |
